Translating dissent : (Record no. 21722)

MARC details
000 -LEADER
fixed length control field 01184cam a2200325 i 4500
001 - CONTROL NUMBER
control field 18739077
003 - CONTROL NUMBER IDENTIFIER
control field EG-ScBUE
005 - DATE AND TIME OF LATEST TRANSACTION
control field 20240625091412.0
008 - FIXED-LENGTH DATA ELEMENTS--GENERAL INFORMATION
fixed length control field 150811s2016 enka f b 001 0 eng d
020 ## - INTERNATIONAL STANDARD BOOK NUMBER
International Standard Book Number 9781138929876 (pbk)
040 ## - CATALOGING SOURCE
Original cataloging agency DLC
Language of cataloging eng
Description conventions rda
Transcribing agency DLC
Modifying agency EG-ScBUE
043 ## - GEOGRAPHIC AREA CODE
Geographic area code f-ua---
082 04 - DEWEY DECIMAL CLASSIFICATION NUMBER
Classification number 962.056014
Edition number 22
Item number TRA
245 00 - TITLE STATEMENT
Title Translating dissent :
Remainder of title voices from and with the Egyptian revolution /
Statement of responsibility, etc edited by Mona Baker.
264 #1 - PUBLICATION, DISTRIBUTION, ETC. (IMPRINT)
Place of publication, distribution, etc Oxon ;
-- New York :
Name of publisher, distributor, etc Routledge,
Date of publication, distribution, etc 2016.
300 ## - PHYSICAL DESCRIPTION
Extent xv, 252 pages :
Other physical details illustrations ;
Dimensions 24 cm.
336 ## - CONTENT TYPE
Source rdacontent
Content type term text
Content type code txt
337 ## - MEDIA TYPE
Media type term unmediated
Source rdamedia
Media type code n
338 ## - CARRIER TYPE
Carrier type term volume
Carrier type code nc
Source rdacarrier
490 0# - SERIES STATEMENT
Series statement Critical perspectives on citizen media
504 ## - BIBLIOGRAPHY, ETC. NOTE
Bibliography, etc Includes bibliographical references and index.<br/>
650 #7 - SUBJECT ADDED ENTRY--TOPICAL TERM
Topical term or geographic name as entry element Translating and interpreting
Geographic subdivision Egypt
General subdivision History
Chronological subdivision 21st century.
Source of heading or term BUEsh
650 #7 - SUBJECT ADDED ENTRY--TOPICAL TERM
Topical term or geographic name as entry element Translating and interpreting
General subdivision Political aspects
Geographic subdivision Egypt.
Source of heading or term BUEsh
650 #7 - SUBJECT ADDED ENTRY--TOPICAL TERM
Topical term or geographic name as entry element Arabic language
General subdivision Translating.
Source of heading or term BUEsh
651 #7 - SUBJECT ADDED ENTRY--GEOGRAPHIC NAME
Geographic name Egypt
General subdivision History
Chronological subdivision Protests, 2011-
Source of heading or term BUEsh
9 (RLIN) 36450
653 ## - INDEX TERM--UNCONTROLLED
Resource For college BAEPS, Political Science
Arrived date list May2016
655 ## - INDEX TERM--GENRE/FORM
Form subdivision Reading book
700 1# - ADDED ENTRY--PERSONAL NAME
Personal name Baker, Mona,
Relator term editor.
9 (RLIN) 39801
942 ## - ADDED ENTRY ELEMENTS (KOHA)
Source of classification or shelving scheme Dewey Decimal Classification
Koha item type Book - Borrowing
Holdings
Withdrawn status Lost status Source of classification or shelving scheme Damaged status Not for loan Collection code Home library Current library Shelving location Date acquired Source of acquisition Cost, normal purchase price Total Checkouts Full call number Barcode Date last seen Cost, replacement price Price effective from Koha item type
    Dewey Decimal Classification     Alahram Central Library Central Library Second Floor 10/05/2016 Purchase 381.00   962.056014 TRA 000032459 15/07/2025 476.25 10/05/2016 Book - Borrowing